| 000 | 01012cam a2200193ua 4500 | ||
|---|---|---|---|
| 020 | _c8.50 | ||
| 041 |
_aeng _h |
||
| 082 |
_a693.54 _bIND/CO |
||
| 110 | 1 |
_aIndian standards institution . _bISI _c() |
|
| 245 |
_aCode of practice for extreme weather concreting / _cIndian standards institution. _hTextual Documents |
||
| 250 |
_a1 / _b. |
||
| 260 |
_aNew Delhi : _bIndian standards institution , _c1976. |
||
| 300 | _a20 ; . | ||
| 365 | _a8.50 | ||
| 504 | _a | ||
| 942 | _cBK | ||
| 999 |
_c7030 _d7030 |
||